104_ Personnalités nées un 14 avril par images - Statistiques

Statistiques générales
  • Ce quiz a été pris 34 fois
  • Le résultat moyen est 4 sur 12
Statistiques - réponses
Par images Hint Réponse % Correct
Journaliste Frédéric Courant
88%
Youtubeur Norman Thavaud
88%
Humoriste Guillaume Bats
59%
Acteur Adrien Brody
44%
Comédienne de doublage Brigitte Lecordier
41%
Musicien Quentin Dupieux
41%
Photographe Robert Doisneau
21%
Mannequine Flora Coquerel
9%
Politicien Bhimrao Ramji Ambedkar
3%
Actrice Abigail Breslin
0%
Actrice Julie Christie
0%
Actrice Skyler Samuels
0%
Aucun quiz correspondant
Distribution des résultats
% des personnes avec chaque résultat
Percentile par nombre de réponses
Votre historique - résultats
Vous n’avez pas pris ce quiz